00429nam a2200145 4500003000900000005001700009008004100026020002800067040001300095082001900108100002200127245007300149260003600222650002500258SEACOMMC20250426123720.0241206b |||||||| |||| 00| 0 eng d a 1-84511-171-0c$ 15.99 aSEACOMMC a302.23 bP 822 a Poole, Elizabeth1 aMuslims and The News Mediac Elizabeth Poole and John E. Richardson. aNew York b I. B. Taurisc 2006 a Islam in mass media